000 007330000a22002170004500
090 _aAR
_b01227
245 1 0 _aLong-term dynamics of an early successional small mammal community
650 1 4 _aEcología de comunidades
_93558
650 1 4 _aDistribución
_992865
650 1 4 _aPatrones de abundancia
_994493
650 1 4 _aUso del hábitat
_93825
651 4 _dKansas
_pEstados Unidos
_992749
653 _gSigmodon
_eSigmodon hispidus
653 _gPeromyscus
_ePeromyscus leucopus
653 _gReithrodontomys
_eReithrodontomys megalotis
041 0 _aInglés
700 1 _aSlade, Norman A.
_993337
100 1 _aSwihart, Robert K.
_993416
942 _cARTICULO
773 1 _tAmerican Midland Naturalist
_3176
_h2
_q372-382
_d1990
_g123
999 _c10313
_d10313